000
00236nam a22000977a 4500
008
210719b ||||| |||| 00| 0 eng d
245
_a
Farmer`s Manual
260
_a
Tsirang :
_b
ICIMOD,
_c
2017.
300
_a
48 p.
_b
ill,
_c
24 cm.
942
_2
ddc
999
_c
8806
_d
8807